00272nam a2200097Ia 4500001000800000005001700008008004100025020001800066245007100084260001900155127226420260417151425.0260417s9999 xx 000 0 und d a9786256495111 0aŞahin Bey ve Gönlübollar’ın ZafericBüşra Şen Altun bKetebe Çocuk